Manual de Obligaciones / (Record no. 3174)

000 -CABECERA
fixed length control field 00997nam a22002057a 4500
003 - IDENTIFICADOR DEL NÚMERO DE CONTROL
control field AR-CdUCM
008 - DATOS DE LONGITUD FIJA--INFORMACIÓN GENERAL
fixed length control field 190306b ||||| |||| 00| 0 spa d
040 ## - FUENTE DE LA CATALOGACIÓN
Agencia/entidad que catalogó originalmente la obra MUNICIPALIDAD PROVINCIAL DEL CUSCO
Entidad que transcribió la catalogación BIBLIOTECA MUNICIPAL DEL CUSCO
082 ## - NÚMERO DE LA CLASIFICACIÓN DECIMAL DEWEY
No. de Clasificación 340.2 /
Notacion interna O38
100 ## - ENTRADA PRINCIPAL--NOMBRE DE PERSONA
Nombre Personal Ojeda Guillén, Luis Fernando
245 ## - MENCIÓN DE TÍTULO
Título Manual de Obligaciones /
260 ## - PUBLICACIÓN, DISTRIBUCIÓN, ETC.
Lugar de publicación, distribución, etc. Perú :
Nombre de la editorial, distribuidor, etc. ECB ediciones ,
Fecha de publicación, distribución, etc. 2012.
300 ## - DESCRIPCIÓN FÍSICA
Nº de Páginas Extensión 346 páginas ;
Dimensiones 24.5 cm.
505 ## - NOTA DE CONTENIDO CON FORMATO
Nota de contenido formateada Contenido : Teoria general de las Obligaciones -- Concepto y Elementos de la opligacion -- Las Obligaciones de Dar -- Obligacion de Hacer -- Obligaciones de no hacer -- Obligaciones de objeto multiple -- obligaciones con pluralidad de agentes -- Obligaciones mancomunadas -- El reconocimiento de las oligaciones -- Transmisibilidad de las obligaciones -- Efectos de las obligaciones...
650 ## - PUNTO DE ACCESO ADICIONAL DE MATERIA--TÉRMINO DE MATERIA
Descriptor Derecho Civil
9 (RLIN) 5265
650 ## - PUNTO DE ACCESO ADICIONAL DE MATERIA--TÉRMINO DE MATERIA
Descriptor Derecho Laboral
9 (RLIN) 5297
650 ## - PUNTO DE ACCESO ADICIONAL DE MATERIA--TÉRMINO DE MATERIA
Descriptor Derecho de las Obligaciones
9 (RLIN) 10678
942 ## - ELEMENTOS DE PUNTO DE ACCESO ADICIONAL (KOHA)
Fuente de clasificación
Tipo de item Libros-BMC
945 ## - PROCESAMIENTO DE INFORMACIÓN LOCAL (OCLC)
Catalogador rtm
Holdings
Estado de retiro (separado) Fuente de clasificación o esquema de estanterías Estado dañado Ubicación Sala donde se ubica Nombre de la colección Fecha de adquisición o compra Costo, precio normal en soles Signatura topográfica Código de Barras Última vez visto (Koha) Tipo de ítem (Koha)
No     Sala Humanidades Sala Humanidades Book Cart 2019-03-06 50.00 340.2 / O38 SH0000003773 2019-03-06 Libros-BMC

Powered by Koha